000 00419nam a2200169Ia 4500
008 240729s9999 xx 000 0 und d
022 _a2377-1143
245 0 _aAIMS Genetics
260 _aUnited States
260 _bAIMS Press
650 _a Biology (General)
650 _a Genetics
650 _aScience
856 _uhttps://doaj.org/toc/a4ae01aaeeb7482891325efd622d03eb
942 _2ddc
942 _cDOAJEJ
999 _c68158
_d68158
945 _a1
_bMadushi Gamage
_c1
_dMadushi Gamage